02098cam a2200289Ii 450000100190000000500170001900800410003602000180007703500410009503500240013604000680016004100080022805000250023611000330026124500660029425000330036026000420039330000390043549000240047450000940049850400640059250503800065652006970103665000200173365000240175365000310177799110726704050619620251022142534.0211024t20222022enka b 001 0 eng d a9781399402330 a(OCoLC)1280276746z(OCoLC)1280197591 a(OCoLC)on1280276746 aYDXbengerdacYDXdBDXdUKMGBdOCLCFdNYPdNZAUCdDCKdCaOTUIR aeng 4aBF575.A85bA876 2022 aBloomsbury (Firm)epublisher00aAssert yourselfb: how to find your voice and make your mark. aRevised and updated edition. aLondon :bBloomsbury Business,c2022. a95 pages :billustrations ;c18 cm aBusiness essentials a"First published in Great Britain in 2009 by Bloomsbury Publishing Plc"--Title page verso aIncludes bibliographical references (pages 93-94) and index0 aHow assertive are you? — 1. Communicating assertively at work — 2. Developing presence — 3. Building confidence at work — 4. Managing others' perceptions — 5. Using non-verbal communication — 6. Dealing with stressful relationships and bullying — 7. Improving leadership skills — 8. Negotiating the pay rise you deserve — Where to find more help — Index.  aThe essential guide to making your voice heard and having your efforts recognised. Do you find it hard to say 'no'? Are you tongue-tied in important meetings? Bored of 'mansplaining' when you know that you're the best qualified person on a particular topic? Understanding the difference between being assertive and being aggressive can be a crucial lesson on your career journey, and Assert Yourself can help you find your voice and stand up for yourself. Full of practical advice on how to change the way you work and live for the better, the book contains a self-assessment quiz, step-by-step guidance, top tips, common mistakes and advice on how to avoid them, and summaries of key points. 0aSelf-confidence 0aSuccess in business 0aAssertiveness (Psychology)